[Event "Cappelle-la-Grande Open 2014"]
[Site "Cappelle-la-Grande FRA"]
[Date "2014.03.01"]
[Round "1.82"]
[White "Kohlweyer, Bernd"]
[Black "Grochal, Joey"]
[Result "1-0"]
[WhiteTitle "IM"]
[WhiteElo "2416"]
[BlackElo "2176"]
[WhiteFideId "4600622"]
[BlackFideId "1019945"]
[EventDate "2014.03.01"]

1. d4 Nf6 2. c4 e6 3. Nc3 Bb4 4. e3 O-O 5. Ne2 d5 6. a3 Bd6 7. Ng3 Nbd7 8. cxd5
exd5 9. Nf5 Nb6 10. Nxd6 Qxd6 11. Be2 Re8 12. O-O Bf5 13. b3 Ne4 14. Qe1 Qg6 15.
Kh1 Nd6 16. a4 c6 17. Ra2 Bc2 18. Rb2 Bd3 19. Qd1 Bxe2 20. Rxe2 Ne4 21. Qc2 f5
22. Nd1 Re6 23. f3 Ng5 24. Nf2 Nd7 25. Nd3 Qf7 26. Qd1 Qe7 27. Bd2 Nf7 28. Nf4
Rh6 29. Qe1 g5 30. Bb4 Qe8 31. Nd3 Re6 32. Qf2 h6 33. Rfe1 Nh8 34. Qg3 Ng6 35.
h3 Nf6 36. Qf2 b6 37. g4 fxg4 38. hxg4 Qd7 39. Qg3 Rae8 40. Bc3 Qe7 41. Bb4 Qf7
42. Bc3 Nd7 43. Bd2 Qf6 44. Rf2 Qe7 45. Qc7 Nf6 46. Qxe7 R8xe7 47. Kh2 Rh7 48.
Rc1 h5 49. gxh5 Nxh5 50. Kg1 Nh4 51. Ne5 c5 52. b4 c4 53. e4 dxe4 54. fxe4 Rc7
55. Rc3 g4 56. Rh2 Nf3+ 57. Nxf3 gxf3 58. Rxh5 Rxe4 59. Rxf3 Rg7+ 60. Kf2 Rg6
61. d5 Rgg4 62. Bc3 Rgf4 63. d6 Kf7 64. d7 Ke7 65. Rh7+ Kd8 66. Bf6+ Rxf6 67.
Rxf6 c3 68. Rf8+ Kc7 69. d8=Q+ Kc6 70. Qd7# 1-0

[Event "Cappelle-la-Grande Open 2014"]
[Site "Cappelle-la-Grande FRA"]
[Date "2014.03.02"]
[Round "2.6"]
[White "Nestorovic, Nikola"]
[Black "Ganguly, Surya Shekhar"]
[Result "0-1"]
[WhiteTitle "IM"]
[BlackTitle "GM"]
[WhiteElo "2434"]
[BlackElo "2623"]
[WhiteFideId "934526"]
[BlackFideId "5002150"]
[EventDate "2014.03.01"]

1. e4 e6 2. d4 d5 3. Nc3 Bb4 4. exd5 exd5 5. Bd3 c6 6. Ne2 Ne7 7. Ng3 O-O 8. O-O
Ng6 9. Nce2 Bd6 10. Nf5 Bxf5 11. Bxf5 Nd7 12. g3 Re8 13. Nc3 Ngf8 14. f4 Nf6 15.
Qd3 Qb6 16. Bh3 Ne6 17. Ne2 c5 18. c3 cxd4 19. cxd4 Rac8 20. b3 Qc6 21. f5 Nc7
22. Bg5 Qb5 23. Qxb5 Nxb5 24. Bxf6 Rxe2 25. Bxg7 Rcc2 26. Bf6 Rxh2 27. Rac1 Nc3
28. Rxc2 Rxc2 29. Bg4 Bxg3 30. Be5 Ne4 31. f6 Bf2+ 32. Kh1 Be3 33. Bf5 h5 34.
Bxe4 dxe4 35. Re1 Rc1 36. Rxc1 Bxc1 37. d5 Kf8 38. Kg2 Ke8 39. Kg3 Kd7 40. Kh4
Bd2 41. Kxh5 e3 42. Bf4 Bc1 43. Bg3 e2 44. Be1 Kd6 45. Kg4 Kxd5 46. Kf3 Bb2 47.
Kxe2 Ke4 48. Bh4 Kf4 49. Kd3 a6 50. Kc4 Kg4 51. Be1 Bxf6 52. Kc5 Bh4 53. Bd2 Bg5
54. Bc3 Be3+ 55. Kd6 f5 56. Kc7 b6 57. Kb7 a5 58. b4 axb4 59. Bxb4 f4 60. a4 f3
61. Be1 Kh3 62. Kc6 Kg2 63. Bh4 Bg5 0-1

[Event "Cappelle-la-Grande Open 2014"]
[Site "Cappelle-la-Grande FRA"]
[Date "2014.03.02"]
[Round "2.24"]
[White "Rambaldi, Francesco"]
[Black "Kveinys, Aloyzas"]
[Result "1/2-1/2"]
[WhiteTitle "FM"]
[BlackTitle "GM"]
[WhiteElo "2388"]
[BlackElo "2530"]
[WhiteFideId "20657307"]
[BlackFideId "12800040"]
[EventDate "2014.03.01"]

1. e4 c5 2. Nf3 e6 3. d4 cxd4 4. Nxd4 a6 5. c4 Nf6 6. Nc3 Qc7 7. a3 b6 8. Be3
Bb7 9. f3 Be7 10. Be2 d6 11. O-O Nbd7 12. Qd2 O-O 13. Rac1 Rac8 14. Rfd1 Qb8 15.
b4 Rfe8 16. Nb3 Bd8 17. Bf4 Ne5 18. Bxe5 dxe5 19. c5 h6 20. Bf1 bxc5 21. Nxc5
Bb6 22. Na4 Ba7 23. Kh1 Red8 24. Qb2 Rxd1 25. Rxd1 a5 26. bxa5 Bc6 27. Nb6 Rd8
28. Rc1 Qd6 29. Nd3 Nd7 30. Qb4 Qc7 31. Nxd7 Rxd7 32. Qc4 Be3 33. Rc3 Qb8 34.
Rb3 Rb7 35. Rxb7 Bxb7 36. Qb5 Qc7 37. a6 Bc8 38. Nxe5 Bxa6 39. Qxa6 Qxe5 40. Bd3
Bc5 41. a4 1/2-1/2

[Event "Cappelle-la-Grande Open 2014"]
[Site "Cappelle-la-Grande FRA"]
[Date "2014.03.02"]
[Round "2.26"]
[White "Shirazi, Kamran"]
[Black "Maiorov, Nikita1"]
[Result "0-1"]
[WhiteTitle "IM"]
[BlackTitle "GM"]
[WhiteElo "2375"]
[BlackElo "2520"]
[WhiteFideId "2000733"]
[BlackFideId "13501720"]
[EventDate "2014.03.01"]

1. d4 Nf6 2. c4 e6 3. Nc3 Bb4 4. e3 O-O 5. Ne2 d5 6. a3 Be7 7. Nf4 c6 8. Nh5
Nbd7 9. g4 dxc4 10. Bxc4 c5 11. Nxf6+ Bxf6 12. Ba2 b5 13. Nxb5 Qb6 14. g5 Qxb5
15. gxf6 Nxf6 16. dxc5 Bb7 17. f3 Qxc5 18. O-O Rfd8 19. Qe2 Rac8 20. b4 Qg5+ 21.
Qg2 Qxg2+ 22. Kxg2 Rc2+ 23. Rf2 Rdc8 24. Rxc2 Rxc2+ 25. Kh3 Bxf3 26. Bb1 Rg2 27.
Ra2 Rg1 28. Rc2 g5 29. Bb2 Bg4# 0-1

[Event "Cappelle-la-Grande Open 2014"]
[Site "Cappelle-la-Grande FRA"]
[Date "2014.03.02"]
[Round "2.34"]
[White "Piceu, Tom"]
[Black "Hasangatin, Ramil"]
[Result "0-1"]
[WhiteTitle "FM"]
[BlackTitle "GM"]
[WhiteElo "2347"]
[BlackElo "2494"]
[WhiteFideId "201952"]
[BlackFideId "4122160"]
[EventDate "2014.03.01"]

1. d4 e6 2. c4 Bb4+ 3. Nd2 b6 4. Nf3 Bb7 5. e3 f5 6. Bd3 Nf6 7. O-O O-O 8. a3
Bxd2 9. Nxd2 c5 10. b3 Qc7 11. Re1 Nc6 12. Bb2 Ne7 13. f3 Ng6 14. b4 Rae8 15.
bxc5 bxc5 16. dxc5 Qxc5 17. Qa4 Qd6 18. Qb3 Ba8 19. Qc3 Rc8 20. Qd4 Qc7 21. Rac1
d6 22. Qc3 Ne5 23. Be2 Ned7 24. Nb3 Rb8 25. Nd4 Nc5 26. Nb5 Qb6 27. Ba1 a6 28.
Nd4 Rfc8 29. Bf1 Bc6 30. Qc2 Ba4 31. Qf2 Bd7 32. Qc2 Qa5 33. Bc3 Qa4 34. Qxa4
Bxa4 35. Rb1 Kf7 36. Rb4 Nfd7 37. Reb1 Ra8 38. Ne2 e5 39. Nc1 Bc2 40. R1b2 Ba4
41. Rd2 Ke6 42. Nd3 Bc6 43. Nxc5+ Nxc5 44. Rb1 a5 45. Kf2 g5 46. Be2 Na4 47. Ba1
Rab8 48. Rdd1 h5 49. Bd3 Nc5 50. Bxf5+ Kxf5 51. Rxb8 Rxb8 52. Rxd6 Ba8 53. Rh6
Rb3 54. h3 h4 55. Rh8 Rxa3 56. Bxe5 Nd3+ 0-1

[Event "Cappelle-la-Grande Open 2014"]
[Site "Cappelle-la-Grande FRA"]
[Date "2014.03.02"]
[Round "2.62"]
[White "Lopez, Jasel"]
[Black "Roser, Kevin"]
[Result "1/2-1/2"]
[WhiteTitle "CM"]
[BlackTitle "IM"]
[WhiteElo "2202"]
[BlackElo "2422"]
[WhiteFideId "15900045"]
[BlackFideId "608688"]
[EventDate "2014.03.01"]

1. d4 Nf6 2. c4 e6 3. Nc3 Bb4 4. e3 O-O 5. Ne2 d5 6. cxd5 exd5 7. g3 Re8 8. Bg2
Bf8 9. O-O Na6 10. Nf4 c6 11. f3 Nc7 12. g4 h6 13. h3 c5 14. Nd3 Ne6 15. Ne5 Qb6
16. f4 cxd4 17. Na4 Qc7 18. exd4 Bd7 19. Be3 Rac8 20. Nc3 Bc6 21. g5 Nd7 22.
Nxd5 Qd6 23. Nc4 1/2-1/2

[Event "Cappelle-la-Grande Open 2014"]
[Site "Cappelle-la-Grande FRA"]
[Date "2014.03.02"]
[Round "2.77"]
[White "Harazinska, Ewa"]
[Black "Favarel, Antoine"]
[Result "0-1"]
[BlackTitle "FM"]
[WhiteElo "2078"]
[BlackElo "2345"]
[WhiteFideId "1118374"]
[BlackFideId "642371"]
[EventDate "2014.03.01"]

1. d4 Nf6 2. c4 e6 3. Nc3 Bb4 4. Qc2 d5 5. cxd5 exd5 6. Bg5 h6 7. Bh4 c5 8. dxc5
g5 9. Bg3 Ne4 10. e3 Qa5 11. Ne2 Nc6 12. O-O-O Bf5 13. Qb3 Nxc5 14. Qxd5 Rd8 15.
Bd6 Rxd6 0-1

[Event "Cappelle-la-Grande Open 2014"]
[Site "Cappelle-la-Grande FRA"]
[Date "2014.03.03"]
[Round "3.8"]
[White "Justo, Damian"]
[Black "Piorun, Kacper"]
[Result "1/2-1/2"]
[WhiteTitle "FM"]
[BlackTitle "GM"]
[WhiteElo "2315"]
[BlackElo "2570"]
[WhiteFideId "101168"]
[BlackFideId "1130420"]
[EventDate "2014.03.01"]

1. d4 g6 2. c4 Bg7 3. Nc3 c5 4. d5 Bxc3+ 5. bxc3 f5 6. g4 fxg4 7. h3 g3 8. fxg3
Nf6 9. Qd3 d6 10. g4 Qa5 11. Bh6 Nbd7 12. Nf3 Nb6 13. a4 Bd7 14. Bg2 Nxa4 15.
Bd2 Qc7 16. Ra2 Nb6 17. O-O a6 18. e4 O-O-O 19. e5 dxe5 20. Nxe5 Rhf8 21. Qe2
Ba4 22. Rb1 Rd6 23. Bh6 Re8 24. Nf7 Kb8 25. Rab2 Ka8 26. Bf4 Nc8 27. Rxb7 Qxb7
28. Rxb7 Kxb7 29. Nxd6+ exd6 30. Qb2+ Nb6 31. Bxd6 Nd7 32. Qf2 Rc8 33. Qa2 a5
34. Bf3 Re8 35. Qf2 Rc8 36. Qf1 Bb3 37. Bg3 a4 38. Qb1 Ka7 39. d6 Bxc4 40. Qc1
Bb5 41. Qb2 Bc6 42. Bxc6 Rxc6 43. c4 Rc8 44. Qg7 Re8 45. Bf2 Re5 46. Kf1 a3 47.
Be1 Ka6 48. Bc3 Re3 49. h4 a2 50. h5 gxh5 51. gxh5 h6 52. Ba1 Rb3 53. Kg2 Rb1
54. Bc3 Rc1 55. Bb2 Rb1 1/2-1/2

[Event "Cappelle-la-Grande Open 2014"]
[Site "Cappelle-la-Grande FRA"]
[Date "2014.03.03"]
[Round "3.36"]
[White "Ulibin, Mikhail"]
[Black "Kryvoruchko, Vita"]
[Result "1-0"]
[WhiteTitle "GM"]
[BlackTitle "WGM"]
[WhiteElo "2491"]
[BlackElo "2201"]
[WhiteFideId "4101405"]
[BlackFideId "14108917"]
[EventDate "2014.03.01"]

1. e4 c5 2. Nf3 d6 3. Bb5+ Bd7 4. Bxd7+ Qxd7 5. O-O Nc6 6. c3 Nf6 7. d4 Nxe4 8.
d5 Nb8 9. Re1 Nf6 10. Bg5 Na6 11. c4 O-O-O 12. Nc3 Nc7 13. Rb1 h6 14. Bxf6 exf6
15. b4 cxb4 16. Rxb4 Na6 17. Ra4 Kb8 18. Nb5 Rc8 19. Nfd4 g5 20. Re3 Bg7 21.
Rea3 f5 22. Rxa6 bxa6 23. Rxa6 Bxd4 24. Qxd4 Rhe8 25. h3 Re4 26. Qb2 Qb7 27. Qa3
Rexc4 28. Qxd6+ R8c7 29. a4 Rc5 30. Rxa7 Qxd5 31. Qb6+ Rb7 32. Rxb7+ Qxb7 33.
Qxc5 1-0

[Event "Cappelle-la-Grande Open 2014"]
[Site "Cappelle-la-Grande FRA"]
[Date "2014.03.03"]
[Round "3.58"]
[White "Van Hoolandt, Patrick"]
[Black "Santiago, Yago De Moura"]
[Result "0-1"]
[WhiteTitle "FM"]
[BlackTitle "IM"]
[WhiteElo "2194"]
[BlackElo "2446"]
[WhiteFideId "200999"]
[BlackFideId "2103877"]
[EventDate "2014.03.01"]

1. d4 Nf6 2. c4 e6 3. Nf3 Bb4+ 4. Bd2 a5 5. g3 d6 6. Bg2 Nbd7 7. O-O e5 8. Bc1
exd4 9. Nxd4 O-O 10. Nc2 Bc5 11. Nc3 Re8 12. Be3 Bxe3 13. Nxe3 Nc5 14. Qc2 c6
15. Rad1 Qe7 16. Rd4 Be6 17. Rfd1 Red8 18. b3 g6 19. Qd2 Ne8 20. h4 f5 21. g4
fxg4 22. Nxg4 Bxg4 23. Rxg4 Ne6 24. Qe3 Nf6 25. Rgd4 Kf7 26. R4d2 Ng7 27. Qf4
Nh5 28. Qd4 Kg8 29. Rd3 Ng7 30. Re3 Qf7 31. Rf3 Nf5 32. Qf4 Qg7 33. Bh3 Nh5 34.
Qg4 Rf8 35. Ne4 Qe5 36. Rd2 Nd4 37. Rfd3 Rf4 38. Qg5 Rxe4 39. Qxe5 dxe5 40. f3
Rxh4 0-1

[Event "Cappelle-la-Grande Open 2014"]
[Site "Cappelle-la-Grande FRA"]
[Date "2014.03.03"]
[Round "3.75"]
[White "Pedersen, Henrik Bolding"]
[Black "Hoolt, Sarah"]
[Result "0-1"]
[BlackTitle "WGM"]
[WhiteElo "2140"]
[BlackElo "2345"]
[WhiteFideId "1401700"]
[BlackFideId "24606812"]
[EventDate "2014.03.01"]

1. e4 c5 2. c3 e6 3. d4 d5 4. exd5 exd5 5. Be3 cxd4 6. Qxd4 Nc6 7. Bb5 Ne7 8.
Qh4 Qa5 9. Qa4 Qxa4 10. Bxa4 Bg4 11. Ne2 O-O-O 12. f3 Bf5 13. Nd4 Bd3 14. Na3
Nxd4 15. Bxd4 Nc6 16. O-O-O Nxd4 17. Rxd3 Ne2+ 18. Kc2 Bxa3 19. bxa3 d4 20. cxd4
Nxd4+ 21. Kb2 Ne6 22. Rhd1 Rxd3 23. Rxd3 Nc5 24. Rc3 b6 25. Bb3 Kd7 26. Re3 f6
27. Bc2 Kd6 28. Re2 g5 29. Rd2+ Ke5 30. Bb3 Kf4 31. Rd6 Rf8 32. a4 Ke3 33. Bc2
h5 34. Kc1 h4 35. Bf5 Nxa4 36. Re6+ Kf2 37. Kd2 Rd8+ 38. Kc2 Kxg2 39. Rxf6 Rd5
40. h3 Nc5 41. Kc3 b5 42. Be4 Nxe4+ 43. fxe4 Rc5+ 44. Kd4 Rc4+ 45. Kd5 Kxh3 46.
e5 Rc2 47. e6 Rd2+ 48. Ke5 Re2+ 49. Kf5 g4 50. Rh6 g3 51. Kg5 Re5+ 52. Kf4 g2 0-1

[Event "Cappelle-la-Grande Open 2014"]
[Site "Cappelle-la-Grande FRA"]
[Date "2014.03.03"]
[Round "4.33"]
[White "Soltanici, Ruslan"]
[Black "Hovhanisian, Mher"]
[Result "1/2-1/2"]
[WhiteTitle "IM"]
[BlackTitle "IM"]
[WhiteElo "2344"]
[BlackElo "2526"]
[WhiteFideId "13900889"]
[BlackFideId "13300865"]
[EventDate "2014.03.01"]

1. e4 e6 2. d4 d5 3. Nc3 Bb4 4. Ne2 Ne7 5. a3 Bxc3+ 6. Nxc3 O-O 7. Bg5 f6 8. Be3
b6 9. Be2 Ba6 10. Bxa6 Nxa6 11. Qe2 Nb8 12. O-O-O Nbc6 13. f3 Qd7 14. h4 Rab8
15. Rhe1 b5 16. exd5 Nxd5 17. Nxd5 exd5 18. Bf2 Rfe8 19. Qd3 Rxe1 20. Rxe1 b4
21. g4 a5 22. a4 b3 23. cxb3 Nb4 24. Qe3 h5 25. Kb1 hxg4 26. fxg4 Qxg4 27. Qe6+
Qxe6 28. Rxe6 Kf7 29. Re3 g5 30. hxg5 fxg5 31. Bg3 Rc8 32. Rc3 c6 33. Be5 Ke6
34. Rf3 g4 35. Re3 Kd7 36. Kc1 c5 37. dxc5 Re8 38. Kd2 Kc6 39. Bd6 Re4 40. Rxe4
dxe4 41. Ke3 Kd5 42. Bc7 Nc6 43. b4 axb4 44. a5 Kxc5 45. Kxe4 Kb5 46. b3 Nxa5
47. Bd6 Nc6 48. Kf4 1/2-1/2

[Event "Cappelle-la-Grande Open 2014"]
[Site "Cappelle-la-Grande FRA"]
[Date "2014.03.03"]
[Round "4.44"]
[White "Georgescu, Tiberiu-Marian"]
[Black "Jarmula, Lukasz"]
[Result "1-0"]
[WhiteTitle "IM"]
[WhiteElo "2468"]
[BlackElo "2225"]
[WhiteFideId "1213300"]
[BlackFideId "1160664"]
[EventDate "2014.03.01"]

1. d4 Nf6 2. c4 e6 3. Nf3 b6 4. Bf4 Bb7 5. e3 Be7 6. Nc3 O-O 7. Bd3 c5 8. d5
exd5 9. cxd5 d6 10. e4 a6 11. O-O b5 12. a3 Nbd7 13. Re1 g6 14. a4 b4 15. Nb1
Re8 16. Nbd2 Nh5 17. Bh6 Bf8 18. Bxf8 Nxf8 19. a5 Qf6 20. Nc4 Rad8 21. Nfd2 Nd7
22. Qf3 Qg5 23. g3 Ne5 24. Nxe5 Qxe5 25. Nc4 Qg5 26. Re3 Kg7 27. Rae1 Nf6 28.
Bf1 h5 29. h4 Qg4 30. Qh1 Qd7 31. Bh3 Qc7 32. Nb6 c4 33. Qf3 Qc5 34. Rc1 Qd4 35.
Rxc4 Qxb2 36. Rc7 Ba8 37. Be6 Rf8 38. Nc4 Qb1+ 39. Kg2 b3 40. Rxb3 Qxe4 41. Qxe4
Nxe4 42. Nb6 Kg8 43. Rxf7 Rxf7 44. Rf3 Rf8 45. Nxa8 Kg7 46. Rxf7+ Rxf7 47. Bxf7
Kxf7 48. Nb6 Nd2 49. f3 Kf6 50. g4 Ke5 51. Kg3 Nb3 52. f4+ Ke4 53. f5 gxf5 54.
gxh5 f4+ 55. Kf2 Kf5 56. Nc4 Nd4 57. Nxd6+ Kf6 58. Nb7 Nf5 59. Kf3 Ke5 60. d6
Nxh4+ 61. Kg4 f3 62. d7 f2 63. d8=Q f1=Q 64. Qd6+ Ke4 65. Nc5+ Ke3 66. Qe5+ Kd2
67. Qb2+ Ke3 68. Qc3+ 1-0

[Event "Cappelle-la-Grande Open 2014"]
[Site "Cappelle-la-Grande FRA"]
[Date "2014.03.03"]
[Round "4.61"]
[White "Nestorovic, Nikola"]
[Black "Bauwe, Pascal"]
[Result "1-0"]
[WhiteTitle "IM"]
[WhiteElo "2434"]
[BlackElo "2059"]
[WhiteFideId "934526"]
[BlackFideId "203130"]
[EventDate "2014.03.01"]

1. e4 e6 2. d4 d5 3. Nc3 Nf6 4. Bg5 Bb4 5. e5 h6 6. Bc1 Ne4 7. Ne2 c5 8. a3 Ba5
9. dxc5 Nxc3 10. Nxc3 Bxc3+ 11. bxc3 Qc7 12. Qd4 O-O 13. f4 Nc6 14. Qd3 Bd7 15.
Be2 f6 16. exf6 Rxf6 17. O-O Be8 18. Be3 Na5 19. f5 Bc6 20. fxe6 Rxe6 21. Bg4
Re4 22. Bf3 Re7 23. Bxd5+ Bxd5 24. Qxd5+ Kh8 25. Bd4 Rae8 26. Qd6 Qc6 27. Qg3
Qe4 28. Qh3 Kg8 29. Qf5 Nc4 30. a4 1-0

[Event "Cappelle-la-Grande Open 2014"]
[Site "Cappelle-la-Grande FRA"]
[Date "2014.03.03"]
[Round "4.99"]
[White "Halfaoui, Eddine"]
[Black "Leruste, Georges"]
[Result "1/2-1/2"]
[WhiteElo "1916"]
[BlackElo "2179"]
[WhiteFideId "20611242"]
[BlackFideId "612146"]
[EventDate "2014.03.01"]

1. e4 d5 2. exd5 Qxd5 3. Nc3 Qa5 4. d4 Nf6 5. Bd3 Bg4 6. Ne2 Nc6 7. f3 Bd7 8.
Bd2 e5 9. Ne4 Qb6 10. dxe5 Nxe4 11. Bxe4 Nxe5 12. Bc3 Bb4 13. Qd4 Qxd4 14. Nxd4
Bxc3+ 15. bxc3 O-O-O 16. O-O g6 17. Rfe1 Rhe8 18. Rab1 c6 19. f4 Nc4 20. Bd3 Nb6
21. Be4 Na4 22. Bf3 Nxc3 23. Rxe8 Bxe8 24. Rb4 Nd5 25. Bxd5 Rxd5 26. Nf3 c5 27.
Rb3 Bc6 28. Re3 Rd1+ 29. Kf2 Bd5 30. a3 b6 31. Re7 Bxf3 32. Kxf3 Rd7 33. Re8+
Kc7 34. Ke3 f5 35. Rh8 Kc6 36. c4 Kb7 37. h3 a6 38. g4 b5 39. cxb5 axb5 40. gxf5
c4 41. f6 c3 42. f7 Rxf7 43. Kd3 Rc7 44. Kc2 Ka7 45. Rf8 Kb6 46. Rb8+ Ka7 47.
Rxb5 Rf7 48. Rb4 Rf5 49. Re4 Rh5 50. Re3 Rf5 51. Re7+ Kb6 52. Re6+ Kc7 1/2-1/2

[Event "Cappelle-la-Grande Open 2014"]
[Site "Cappelle-la-Grande FRA"]
[Date "2014.03.04"]
[Round "5.51"]
[White "Gajek, Radoslaw"]
[Black "Dumitrache, Dragos-Nicolae"]
[Result "0-1"]
[WhiteTitle "FM"]
[BlackTitle "IM"]
[WhiteElo "2270"]
[BlackElo "2453"]
[WhiteFideId "1125893"]
[BlackFideId "1200437"]
[EventDate "2014.03.01"]

1. e4 d6 2. d4 Nf6 3. Nc3 e5 4. Nf3 Nbd7 5. Bc4 Be7 6. O-O O-O 7. a4 a5 8. Re1
c6 9. Ba2 Qb6 10. h3 exd4 11. Nxd4 Nc5 12. Qf3 Be6 13. Nf5 Bxf5 14. Qxf5 Rae8
15. Rb1 Qb4 16. Bd2 Nxa4 17. e5 dxe5 18. Ne4 Qb5 19. Ng5 Bd6 20. Re4 Nb6 21. b4
axb4 22. Rh4 e4 23. Qxb5 cxb5 24. Bxb4 Bxb4 25. Rxb4 Na4 26. Nxf7 Rxf7 27. Rxb5
Re7 28. Ra5 Nb6 29. Rf4 h6 30. Rff5 Kh7 31. Bxf7 Rxf7 32. Rfb5 Nc8 33. c4 b6 34.
Ra4 Rc7 35. Kf1 Rc6 36. Ke2 Nd6 37. Rbb4 Nd7 38. Ke3 Nc5 39. Ra7 Nf5+ 40. Kd2
Nd3 41. Rb1 Ne5 42. Ra6 Nxc4+ 43. Ke1 Nh4 44. g3 Nf3+ 45. Ke2 Nd4+ 46. Ke1 Rc5
47. Rd1 Nf3+ 48. Ke2 Rb5 49. Ra2 Rb3 50. Rd7 Nce5 51. Rb7 Kg6 52. Ra6 Nd4+ 53.
Kd1 Nc4 54. Kc1 Rb2 55. Raa7 Rc2+ 56. Kb1 Nd2+ 0-1

[Event "Cappelle-la-Grande Open 2014"]
[Site "Cappelle-la-Grande FRA"]
[Date "2014.03.05"]
[Round "6.50"]
[White "Grochal, Joey"]
[Black "Sharif, Mehrshad"]
[Result "1-0"]
[BlackTitle "IM"]
[WhiteElo "2176"]
[BlackElo "2444"]
[WhiteFideId "1019945"]
[BlackFideId "600121"]
[EventDate "2014.03.01"]

1. d4 Nf6 2. c4 e6 3. Nc3 Bb4 4. e3 O-O 5. Ne2 d5 6. a3 Bd6 7. Ng3 c6 8. e4 dxe4
9. Ncxe4 Nxe4 10. Nxe4 Be7 11. Bf4 f5 12. Nc3 Bf6 13. Be5 Bxe5 14. dxe5 Qa5 15.
f4 c5 16. Qa4 Qxa4 17. Nxa4 b6 18. Nc3 Nc6 19. Nb5 Kf7 20. Be2 Nd4 21. Nd6+ Ke7
22. Kf2 Bd7 23. Bf3 Bc6 24. b4 Kd7 25. Rab1 Rab8 26. Rb2 Rg8 27. h4 a6 28. Rhb1
Nxf3 29. gxf3 Kc7 30. Ke3 cxb4 31. axb4 a5 32. b5 Bd7 33. Kd4 h6 34. Rg2 a4 35.
Ra1 Ra8 36. Kc3 Be8 37. Kb4 Bh5 38. Ra3 g6 39. c5 Rg7 40. Rc2 1-0

[Event "Cappelle-la-Grande Open 2014"]
[Site "Cappelle-la-Grande FRA"]
[Date "2014.03.05"]
[Round "6.72"]
[White "Munschi, Serge"]
[Black "Primel, Dominique"]
[Result "1-0"]
[WhiteTitle "FM"]
[WhiteElo "2309"]
[BlackElo "2018"]
[WhiteFideId "603945"]
[BlackFideId "605956"]
[EventDate "2014.03.01"]

1. d4 Nf6 2. c4 e6 3. Nc3 Bb4 4. e3 c5 5. Ne2 b6 6. a3 Ba5 7. Rb1 Na6 8. g3 Bb7
9. d5 O-O 10. Bg2 exd5 11. O-O d6 12. Nxd5 Nxd5 13. cxd5 b5 14. b3 Re8 15. Bb2
b4 16. a4 Nc7 17. Nf4 Bc8 18. e4 Rb8 19. Re1 f6 20. Bf1 Bb6 21. Bc4 Kh8 22. Nh5
Rf8 23. Qd2 Ne8 24. Nf4 Qe7 25. h4 Bc7 26. h5 Bg4 27. Kg2 Rd8 28. f3 Bc8 29. Rh1
Kg8 30. Rbe1 Rf7 31. Re2 a6 32. Kf1 Bb8 33. Ke1 Qc7 34. Kd1 Re7 35. g4 Re5 36.
Kc2 Kf8 37. Ne6+ Rxe6 38. dxe6 Qe7 39. g5 fxg5 40. Qd5 Nc7 41. Qf5+ Kg8 42. h6
Rf8 43. Qf7+ 1-0

[Event "Cappelle-la-Grande Open 2014"]
[Site "Cappelle-la-Grande FRA"]
[Date "2014.03.07"]
[Round "8.21"]
[White "Malakhatko, Vadim"]
[Black "Vishnu Prasanna, V"]
[Result "1/2-1/2"]
[WhiteTitle "GM"]
[BlackTitle "GM"]
[WhiteElo "2547"]
[BlackElo "2462"]
[WhiteFideId "14104202"]
[BlackFideId "5030692"]
[EventDate "2014.03.01"]

1. d4 d5 2. c4 e6 3. Nf3 c5 4. cxd5 exd5 5. g3 Nc6 6. Bg2 Nf6 7. O-O Be7 8. Be3
c4 9. Ne5 O-O 10. b3 cxb3 11. Qxb3 Bd6 12. Nc3 Nxe5 13. dxe5 Bxe5 14. Rad1 Bxc3
15. Qxc3 Be6 16. Bd4 b6 17. Qb2 Qe7 18. Bxf6 Qxf6 19. Qxf6 gxf6 20. Bxd5 Rad8
21. Bxe6 1/2-1/2

[Event "Cappelle-la-Grande Open 2014"]
[Site "Cappelle-la-Grande FRA"]
[Date "2014.03.07"]
[Round "8.22"]
[White "Migot, Tangi"]
[Black "Rusev, Krasimir"]
[Result "0-1"]
[WhiteTitle "FM"]
[BlackTitle "GM"]
[WhiteElo "2379"]
[BlackElo "2541"]
[WhiteFideId "662445"]
[BlackFideId "2905434"]
[EventDate "2014.03.01"]

1. e4 e5 2. Nf3 d6 3. d4 exd4 4. Nxd4 Nf6 5. Nc3 Be7 6. Be2 O-O 7. Bf4 Re8 8.
Qd2 Bf8 9. f3 c6 10. O-O-O b5 11. g4 b4 12. Na4 Bd7 13. b3 Qa5 14. Nf5 Bxf5 15.
gxf5 d5 16. e5 Nfd7 17. f6 g6 18. h4 Nxe5 19. Bh6 Qd8 20. Bg5 Ned7 21. h5 Nxf6
22. hxg6 fxg6 23. Bd3 Nbd7 24. f4 Bg7 25. Rdg1 Qe7 26. Rh3 Nc5 27. Nb2 Nce4 28.
Qh2 Qe6 29. Nd1 a5 30. Rh1 Ng4 31. Qg2 h5 32. Rxh5 gxh5 33. Rxh5 a4 34. bxa4
Rxa4 35. Kb1 Rxa2 0-1

[Event "Cappelle-la-Grande Open 2014"]
[Site "Cappelle-la-Grande FRA"]
[Date "2014.03.07"]
[Round "8.29"]
[White "Kravtsiv, Martyn"]
[Black "Roger, Mehdi"]
[Result "1-0"]
[WhiteTitle "GM"]
[WhiteElo "2601"]
[BlackElo "2173"]
[WhiteFideId "14113147"]
[BlackFideId "612065"]
[EventDate "2014.03.01"]

1. e4 c5 2. Nf3 d6 3. d4 cxd4 4. Nxd4 Nf6 5. Nc3 g6 6. Be3 Bg7 7. f3 O-O 8. Qd2
Nc6 9. Bc4 Bd7 10. O-O-O Rc8 11. Bb3 Nxd4 12. Bxd4 b5 13. Bxa7 b4 14. Ne2 Qa5
15. Bd4 Ba4 16. Kb1 Rc6 17. Nc1 Rfc8 18. Rhe1 Rxc2 19. Qxc2 Rxc2 20. Kxc2 Nd7
21. Kb1 Bxd4 22. Rxd4 Bxb3 23. Nxb3 Qb6 24. Rc1 Ne5 25. f4 Ng4 26. Rcc4 Ne3 27.
Rxb4 Qa6 28. a4 Kg7 29. Rb5 Nxg2 30. e5 Ne3 31. exd6 exd6 32. Re4 Ng4 33. Reb4
Nxh2 34. Rb6 Qf1+ 35. Ka2 Ng4 36. Rxd6 h5 37. a5 h4 38. a6 h3 39. a7 h2 40. a8=Q
h1=Q 41. Qxh1 Qxh1 42. Ra4 Qb7 43. Nd4 Ne3 44. Ne2 Nd5 45. Nc3 Nb4+ 46. Kb1 Qh1+
47. Rd1 Qb7 48. Ka1 Nc2+ 49. Ka2 Nb4+ 50. Kb1 Kg8 51. Rd4 Qh1+ 52. Nd1 Nc6 53.
Rd2 Qe1 54. Kc2 Qe6 55. Nc3 Qf5+ 56. Kc1 Qc5 57. Re4 Nb4 58. Kb1 Nc6 59. Rd1 Qf5
60. Rd5 Qh3 61. Ka2 Qf1 62. Ra4 Qf2 63. Rb5 Nd4 64. Rb7 Ne2 65. Nxe2 Qxe2 66.
Ra8+ Kg7 67. Ra4 Qd1 68. Rc4 Qd5 69. Rb4 Qa8+ 70. Ra4 Qd5 71. Ka3 Qd6+ 72. Rab4
Qa6+ 73. Kb3 Qe6 74. Rb7 Qe2 75. Rbc7 Qd2 76. R7c5 Qe1 77. Ka2 Qe2 78. Ka3 Qd1
79. b4 Qe1 80. Ka4 Qd1+ 81. Kb5 Qd8 82. Rc8 Qd6 83. Ka5 Qe7 84. Ka6 Qd6+ 85.
R8c6 Qd8 86. b5 Qb8 87. b6 Qa8+ 88. Kb5 Qa3 89. b7 Qb3+ 90. Ka6 Qa3+ 91. Kb6
Qe3+ 92. R6c5 Qxc5+ 1-0